Kvalita života chorých s RA a funkčná disabilita

Bibliographic Details
Main Authors: Szilasiová, Angela 1945- (Author), Kovářová, Mária, 1950- (Author), Macejová, Želmíra, 1970- (Author), Nagyová, I. (Author), Spišák, B. (Author)
Format: Article
Language:Slovak
Subjects:

MARC

LEADER 00000nab a2200000 a 4500
001 vtls000722502
003 SK-MaSNL
005 20260304103912.0
008 250429c1999 xo 0 slo
015 |a SNBRB2000/05-12833 
035 |a CLN000074669 
035 |a urn:nbn:sk:snk-ab6tc3 
035 |a (uuid)d64452f0-69df-4183-a9ed-be20fb885a31 
035 |a (urnnbn)urn:nbn:sk:snk:ar-a05qwl 
035 |a (sysno)vtls000722502 
040 |a SNKBUCL  |b slo  |c SNKBUCL  |e AACR2 
041 0 |a slo 
044 |a xo  |c SK 
080 |a 616.72-002  |2 1997 
245 0 0 |a Kvalita života chorých s RA a funkčná disabilita  |c A. Szilasiová ... [et al.] 
611 1 7 |a Zjazd slovenských a českých reumatológov  |n (43. :  |d 1999 :  |c Nitra, Slovensko)  |x referáty  |x abstrakty  |2 snkbucl  |9 1403075 
650 0 7 |a reumatoidná artritída  |2 snkbucl  |9 28588 
650 0 7 |a kvalita života  |2 snkbucl  |9 1705 
655 7 |a články z novín a časopisov  |2 snkbucl  |9 267496 
700 1 |a Szilasiová, Angela  |d 1945-  |4 aut  |9 1298525 
700 1 |a Kovářová, Mária,  |d 1950-  |4 aut  |9 190349 
700 1 |a Macejová, Želmíra,  |d 1970-  |4 aut  |9 210848 
700 1 |a Nagyová, I.  |4 aut  |9 807588 
700 1 |a Spišák, B.  |4 aut  |9 775621 
773 0 |t Rheumatologia  |g Roč. 13, č. 3 (1999), s. 149 
850 |a Slovenská národná knižnica 
852 |a Slovenská národná knižnica 
954 |a odborná, vedecká literatúra pôvodná (slovenská)  |2 lita 
958 |a article27 
958 |a MI 
958 |a OND 
958 |a EUIPO 
992 |a RBX 
999 |c 2850120  |d 2852050